Kinek árt? Éjszaka Emil Ciorannal
Elmentve itt :
| Szerző: | |
|---|---|
| Adatforrás: | Meister |
| Forrásdokumentuma: | A Hét. - 26 sz., 1991, 6 p. |
| Nyelv: | magyar |
| Kulcsszavak: | politikai publicisztika nacionalizmus CIORAN Emil LIICEANU Gabriel PLESU Andrei |
| LEADER | 00449nab a2200169 i 4500 | ||
|---|---|---|---|
| 001 | bibPRO00005040 | ||
| 008 | 060524s1991 xx hun | ||
| 040 | |a Sz1 | ||
| 041 | |a hun | ||
| 100 | 1 | |a KÁNTOR Lajos | |
| 245 | 1 | 0 | |a Kinek árt? Éjszaka Emil Ciorannal |c KÁNTOR Lajos |
| 695 | |a politikai publicisztika | ||
| 695 | |a nacionalizmus | ||
| 695 | |a CIORAN Emil | ||
| 695 | |a LIICEANU Gabriel | ||
| 695 | |a PLESU Andrei | ||
| 773 | 0 | |t A Hét. - |g 26 sz., 1991, 6 p. | |